الكنائس القبطية القديمة
محفوظ في:
المؤلف الرئيسي:
مؤلفون آخرون:
التنسيق: كتاب
اللغة: Undetermined
منشور في:
Cairo :
al-Hayʼah al-Miṣrīyah al-ʻĀmmah lil-Kitāb,
2012.
الوسوم: إضافة وسم
لا توجد وسوم, كن أول من يضع وسما على هذه التسجيلة!
رقم الطلب: BX136 .B912 V.1-2
| LEADER | 00479nam a2200145Ia 4500 | ||
|---|---|---|---|
| 008 | 240329s9999||||xx |||||||||||||| ||und|| | ||
| 020 | |a 978-9774214925 | ||
| 050 | 4 | |a BX136 .B912 V.1-2 | |
| 100 | 1 | |a Alfred j. Butler. | |
| 245 | 1 | 0 | |a الكنائس القبطية القديمة |c Alfred j. Butler |
| 264 | 1 | |a Cairo : |b al-Hayʼah al-Miṣrīyah al-ʻĀmmah lil-Kitāb, |c 2012. | |
| 300 | |a 317 PAGES /322 PAGES |c 23 CM | ||
| 700 | 1 | |a إبراهيم سلامة. | |
| 942 | |2 lcc |c BK | ||
| 999 | |c 57590 |d 57590 | ||
